LEADER 00841nas a2200229 i 4500 001 000000249766 003 CaOOAMICUS 005 20170217000000.0 008 160622b2016 ne uu u0 0mul r 013 $a228671 040 $aSeMil$bita 245 10$a[2016 : 2]. 260 $aLeiden ; Boston :$bBrill,$ccopyr. 2016. 300 $aP. [149]-290 :$b[2] ill. ;$c24 cm. 500 $aArticoli con sintesi in inglese [Abstract] in testa. 773 0 $tJournal for the Study of Judaism.$dLeiden : Brill $x0047-2212$w()2390 774 0 $t[vedi periodico].$w()289170 850 $aSeMil 852 $aSeMil$W1$xVenegono$y1$m239 1 87$j200112$B200112$CSeMilBibl$Z2$F216095 $85 961 $aAbbonamento: Brill 996 $6245$a[2016 : 2]$9(OLS)http://semarc/title/350706 996 $6260$aLeiden ; Boston :$bBrill$9(OLS)http://semarc/publisher/39473 LEADER 01718nam a2200349 i 4500 001 000000258648 003 CaOOAMICUS 005 20180525000000.0 008 180525s2017 sz u000 u ger u 013 $a237556 020 $a978-3-7278-1807-3 020 $a978-3-429-04338-4 040 $aSeMil$bita 100 1 $aFritz, Alexis,$d<1976- >.$0(OLS)http://semarc/name/93669 245 14$aDer Anspruch der Bedürfnisse :$bGerechte Prioritätensetzung im Gesundheitswesen /$cAlexis Fritz. 260 $aWürzburg :$bEchter,$c2017. 260 $aFribourg (Schweiz) :$bAcademic Press,$c2017. 300 $a450 p. ;$c23 cm. 490 0 $aStudien zur theologischen Ethik = Études d'étique chrétienne ;$v149 500 $aTesto rielaborato dell'abilitazione in teologia morale, Universität Tübingen. 650 4$aSanità - Europa.$0(OLS)http://semarc/subject/47146 650 4$aAssistenza sanitaria - Europa.$0(OLS)http://semarc/subject/47147 650 4$aSalute - Etica e morale.$0(OLS)http://semarc/subject/47148 830 0$aStudien zur theologischen Ethik ;$v149.$0(OLS)http://semarc/title/60536 850 $aSeMil 852 $aSeMil$W1$xVenegono$y1$m2E V 369$j208994$B208994$CSeMilBibl$Z2$F222683 $81 961 $aSottoscrizione: Echter 996 $6020$a978-3-7278-1807-3$9(OLS)http://semarc/number/284014 996 $6020$a978-3-429-04338-4$9(OLS)http://semarc/number/284015 996 $6245$aDer Anspruch der Bedürfnisse :$bGerechte Prioritätensetzung im Gesundheitswesen$9(OLS)http://semarc/title/413572 996 $6260$aFribourg (Schweiz) :$bAcademic Press$9(OLS)http://semarc/publisher/44086 996 $6260$aWürzburg :$bEchter$9(OLS)http://semarc/publisher/29704